000
00327nam a2200121Ia 4500
008
220214s9999 xx 000 0 und d
245
0
_a
Marga
260
_b
Marga Institute
_a
Sri Lanka
500
_a
Ending Volume & Year: 10, 1989
500
_a
Missing Volume: 5;7-8(..)
500
_a
Starting Volume & Year: 3, 1976
942
_c
BJ
999
_c
5784
_d
5784